| 000 | 00448nam a2200181Ia 4500 | ||
|---|---|---|---|
| 005 | 20250603144738.0 | ||
| 008 | 250603s9999 xx 000 0 und d | ||
| 020 | _a9789788422433 | ||
| 050 | _aKP 91. C74/ | ||
| 100 | _aEtannibi E.O. Alemika (editor) | ||
| 245 | 0 | _aCrime Victimization, Safety and Policing in Nigeria | |
| 260 | _aLagos | ||
| 260 | _bMalthouse Press | ||
| 260 | _c2011 | ||
| 300 | _a250 p | ||
| 650 | _aLagos | ||
| 942 | _cBK | ||
| 999 |
_c39825 _d39825 |
||